000 03526nam a2200469 4500
999 _c6560
_d6560
003 OSt
005 20260422111313.0
008 190228c xxuf||p| |||| 00| 0 spa d
020 _a9789873047527
040 _cPJ
245 1 0 _aRevista de derecho procesal :
_bA diez años de la sanción del Código Civil y Comercial /
_ceditor Roland Arazi...[et al.]
260 _aSanta Fe:
_bRubinzal-Culzoni,
_c2025.
300 _a634 p.
_c23 cm.
310 _asemestral
362 _aNo. 1 (2023)
505 _tLa constitucionalización del derecho privado y el derecho procesal /
_rJorge A. Rojas.
505 _tDiscrecionalidad judicial en el código civil y comercial de la nación /
_rMario Masciotr.
505 _tEl juez y el conflicto en el paradigma código civil y comercial de la nación /
_rDamián Alejandro Mariani Reola.
505 _tEl proceso de determinación de la capacidad jurídica: “todos los cambios transitados y todos los cambios que sean necesarios” /
_rJulio César Macchi.
505 _tAbuso del proceso a diez años del código civil y comercial /
_rAna Clara Pauletti y María Valentina Ramírez Amable.
505 _tLímite a las costas procesales - el artículo 730 del código civil y comercial de la nación, una norma que demanda su reforma /
_rAgustín Gabriel Sanjiao.
505 _tLa carga de la prueba o la ruptura de los límites del razonamiento - el camino a la real valoración de la prueba /
_rJosé María Salgado.
505 _tLa tutela cautelar a diez años de la vigencia del código civil y comercial /
_rFederico D. Sedlacek.
505 _tLa función jurisdiccional preventiva y cautelar /
_rVíctor Trionfetti.
505 _tEmplazamiento y fundamentos de la pretensión anticautelar en el sistema jurídico argentino /
_rAmalia Fernández Balbis.
505 _tNormas procesales en el código civil y comercial de la nación - acción preventiva. prescripción liberatoria. cargas probatorias /
_rAlejandro Borda.
505 _tLa tutela preventiva de daños a diez años de la sanción del código civil y comercial de la nación: entre el precepto que surge de los artículos 1710 y siguientes, la jurisprudencia y la vía procesal idónea /
_rIgnacio Agustín Falke.
505 _tProtección de derechos personalísimos en contextos digitales: la importancia de la acción preventiva de daños del código civil y comercial de la nación /
_rSofía Benavidez.
505 _tArbitraje en el código civil y comercial: análisis crítico de los límites a la arbitrabilidad objetiva /
_rLeandro Giannini.
505 _tLa relación entre la acción civil y la penal - balance a 10 años de la sanción del código civil y comercial /
_r- por Federico Carestia.
505 _tLa habilidad ejecutiva del título rubricado con firma electrónica.
_rMartín Loporassi Yapur.
505 _tRégimen de expensas de clubes de campo /
_rCarlos Antonio Turina.
505 _tReformas del código civil y comercial de la nación al procedimiento sucesorio /
_rMartín Ponce.
505 _tLa cesión de derechos hereditarios a diez años de la sanción del código civil y comercial de la nación /
_rMaría Soledad Tagliani.
650 0 _9267
_aDERECHO PROCESAL
650 0 _91497
_aCODIGO CIVIL Y COMERCIAL
700 _91980
_aArazi, Roland
_edirector
700 _9119
_aBerizonce, Roberto Omar
_edirector
700 _aFalcón, Enrique Manuel
_edirector
_9270
700 _92135
_aPeyrano, Jorge Walter
_edirector
942 _2udc
_cPP
_h347.9(05)
_iREV